[Event "37th Greek Teams"]
[Site "Kallithea GRE"]
[Date "2009.07.05"]
[Round "2"]
[White "Rozentalis,E"]
[Black "Ivanchuk,V"]
[Result "1/2-1/2"]
[WhiteElo "2588"]
[BlackElo "2703"]
[EventDate "2009.07.03"]

1. e4 e5 2. Nf3 Nc6 3. Bb5 a6 4. Bxc6 dxc6 5. O-O Qf6 6. d4 exd4 7. Bg5 Qd6
8. Nxd4 Bd7 9. Nc3 Ne7 10. Bh4 O-O-O 11. Bg3 Qf6 12. Qd2 Bg4 13. e5 Qg6 14.
Qf4 Nd5 15. Nxd5 Rxd5 16. c3 Bc5 17. e6 Bb6 18. Qxf7 Qxf7 19. exf7 Rf8 20.
Rae1 Rxf7 21. Re4 Bxd4 22. Rxd4 Rxd4 23. cxd4 Rd7 24. Be5 g6 25. f4 Be6 26.
a3 Rd5 27. Rc1 Rb5 28. b4 a5 1/2-1/2

[Event "37th Greek Teams"]
[Site "Kallithea GRE"]
[Date "2009.07.05"]
[Round "2"]
[White "Gavrilakis,N"]
[Black "Papadopoulos,N"]
[Result "1-0"]
[WhiteElo "2412"]
[BlackElo "2107"]
[EventDate "2009.07.03"]

1. e4 c5 2. Nf3 Nc6 3. Bb5 d6 4. c3 Qb6 5. Na3 a6 6. Ba4 Bd7 7. O-O Nf6 8.
Re1 Ne5 9. Bxd7+ Nfxd7 10. d3 g6 11. Nh4 Bg7 12. f4 Nc6 13. Nc4 Qc7 14. Ne3
O-O 15. Rf1 e6 16. f5 exf5 17. exf5 Nf6 18. Ng4 Nxg4 19. Qxg4 Ne5 20. Qg3
Rfe8 21. f6 Bf8 22. Nf5 Kh8 23. Bh6 Bxh6 24. Nxh6 Re6 25. Rae1 Rae8 26. Re4
d5 27. Rh4 Qd7 28. Qg5 Qd8 29. Nxf7+ 1-0

[Event "37th Greek Teams"]
[Site "Kallithea GRE"]
[Date "2009.07.05"]
[Round "2"]
[White "Tolias,A"]
[Black "Bozinakis,P"]
[Result "0-1"]
[WhiteElo "1740"]
[BlackElo "2148"]
[EventDate "2009.07.03"]

1. e4 Nc6 2. d4 e5 3. dxe5 Nxe5 4. Bf4 Ng6 5. Be3 Nf6 6. f3 Bb4+ 7. c3 Ba5
8. Nd2 Bb6 9. Bxb6 axb6 10. Qc2 O-O 11. Bd3 d5 12. Ne2 Ne5 13. exd5 Qxd5
14. Nf4 Nxd3+ 15. Qxd3 Qe5+ 16. Ne2 Re8 17. Nc4 Qe7 18. Kf2 Bf5 19. Qd1 b5
20. Nd2 Qe3+ 0-1

[Event "37th Greek Teams"]
[Site "Kallithea GRE"]
[Date "2009.07.05"]
[Round "2"]
[White "Papadopoulou,V"]
[Black "Paganoglou,A"]
[Result "0-1"]
[WhiteElo "2160"]
[BlackElo "1935"]
[EventDate "2009.07.03"]

1. d4 Nf6 2. c4 e6 3. Nf3 d5 4. Nc3 Bb4 5. Bg5 c5 6. cxd5 Qxd5 7. Bd2 Qd8
8. a3 cxd4 9. axb4 dxc3 10. bxc3 O-O 11. g3 Ne4 12. Bg2 Nd7 13. Qc2 Nxd2
14. Nxd2 Nf6 15. O-O Qc7 16. c4 Bd7 17. c5 Bc6 18. e4 a5 19. Qb2 axb4 20.
Qxb4 h6 21. Nb3 Rxa1 22. Rxa1 Qe5 23. Re1 Nd7 24. Na5 Nxc5 25. Nxc6 bxc6
26. Qc4 Rd8 27. Rc1 Nd3 28. Rd1 Qd4 29. Qxd4 Rxd4 30. Bf1 Ne5 31. Rc1 Rxe4
32. f4 Ng4 33. Bg2 Rd4 34. Bxc6 Rd2 35. Be4 g6 36. Bg2 Kg7 37. Re1 g5 38.
h3 Nf6 39. Rf1 Nh5 40. fxg5 hxg5 41. Rf3 f5 42. Bf1 Kf6 43. g4 Nf4 44. gxf5
Kxf5 45. Ba6 Rg2+ 46. Kh1 Rb2 47. Re3 Rb6 48. Bc8 Rb8 49. Ba6 Rh8 50. Bf1
g4 51. Kh2 e5 52. Rg3 Nxh3 53. Rb3 Kf4 54. Kg2 Rd8 55. Rb2 e4 56. Be2 Ng5
57. Rb6 Rd2 58. Kf1 g3 59. Rf6+ Ke3 60. Bg4 Rf2+ 61. Rxf2 gxf2 62. Kg2 Nf7
63. Kf1 Nd6 64. Be6 Nb7 65. Bf7 Nc5 66. Bd5 Nd3 67. Bc4 Kd4 68. Ba6 e3 69.
Ke2 Nc1+ 70. Kf1 Nb3 71. Bb5 Nd2+ 72. Kg2 f1=Q+ 0-1

[Event "37th Greek Teams"]
[Site "Kallithea GRE"]
[Date "2009.07.05"]
[Round "2"]
[White "Lagoumintzi,H"]
[Black "Spirou,M"]
[Result "0-1"]
[WhiteElo "1647"]
[BlackElo "1791"]
[EventDate "2009.07.03"]

1. d4 Nf6 2. c4 e6 3. Nf3 d5 4. Bg5 Nbd7 5. e3 c5 6. Nc3 a6 7. a4 Qa5 8.
Ra2 Ne4 9. Qb3 Nxg5 10. Nxg5 cxd4 11. Nf3 dxc3 12. bxc3 Nc5 13. Qc2 Ne4 14.
Ra1 Nxc3 15. Nd2 Ne4 16. Ke2 Nxd2 17. Qxd2 Bb4 18. Qc2 dxc4 19. Qxc4 O-O
20. Rb1 Bc5 21. g3 Rd8 22. Rb2 Bd7 23. Bg2 Bxa4 24. Ra2 Bb5 25. Rxa5 Bxc4+
26. Kf3 b6 27. Raa1 f5 28. Kf4 Bd6+ 29. Kg5 Be7+ 0-1

[Event "37th Greek Teams"]
[Site "Kallithea GRE"]
[Date "2009.07.05"]
[Round "2"]
[White "Habesis,P"]
[Black "Pappelis,D"]
[Result "0-1"]
[WhiteElo "1740"]
[BlackElo "1997"]
[EventDate "2009.07.03"]

1. e4 c5 2. c3 d5 3. exd5 Qxd5 4. d4 Nf6 5. Nf3 e6 6. Bd3 Bd7 7. O-O Bc6 8.
Qb3 Qxb3 9. axb3 Bxf3 10. gxf3 cxd4 11. cxd4 Nc6 12. Be3 Be7 13. Rc1 Kd7
14. Nd2 Nd5 15. Ne4 Ndb4 16. Be2 b6 17. Bb5 a6 18. Bxc6+ Nxc6 19. Nc3 Nb4
20. Rd1 Nd5 21. Nxd5 exd5 22. Rdc1 a5 23. Kf1 Rhc8 24. Ke2 Rxc1 25. Rxc1
Rc8 26. Rxc8 Kxc8 27. Bf4 Kd7 28. Kd3 Bd6 29. Bxd6 Kxd6 30. Ke3 Ke6 31. Kf4
Kf6 32. Kg4 h5+ 33. Kf4 g5+ 34. Kg3 Kf5 35. h4 f6 36. f4 gxf4+ 37. Kf3 b5
38. b4 a4 0-1

[Event "37th Greek Teams"]
[Site "Kallithea GRE"]
[Date "2009.07.05"]
[Round "2"]
[White "Gkikas,H"]
[Black "Tzouganakis,P"]
[Result "0-1"]
[WhiteElo "1865"]
[BlackElo "2041"]
[EventDate "2009.07.03"]

1. g3 Nf6 2. Bg2 g6 3. c4 Bg7 4. Nc3 O-O 5. Nf3 d6 6. O-O Nbd7 7. d4 c6 8.
e4 e5 9. b3 exd4 10. Nxd4 Nc5 11. Bb2 Qc7 12. Qc2 Re8 13. Rfe1 a5 14. Rad1
Bd7 15. a3 Rad8 16. b4 Ne6 17. Nb3 axb4 18. axb4 Bc8 19. Na4 Nd7 20. c5
dxc5 21. Naxc5 Ndxc5 22. bxc5 Bxb2 23. Qxb2 Ng5 24. Qf6 Rxd1 25. Rxd1 h6
26. f4 Nh7 27. Qd6 Re7 28. e5 Nf8 29. Nd2 Bf5 30. Be4 Ne6 31. Bxf5 gxf5 32.
Nf3 Re8 33. Rb1 Qa5 34. Nh4 Rd8 35. Qe7 Qa2 36. Rf1 Rd2 37. Qe8+ Nf8 38.
Nf3 Rg2+ 39. Kh1 Qe2 40. Rg1 Rf2 0-1

[Event "37th Greek Teams"]
[Site "Kallithea GRE"]
[Date "2009.07.05"]
[Round "2"]
[White "Stathopoulos,I"]
[Black "Panagos,T"]
[Result "0-1"]
[WhiteElo "1909"]
[BlackElo "1560"]
[EventDate "2009.07.03"]

1. Nf3 Nf6 2. c4 g6 3. b4 Bg7 4. Bb2 O-O 5. g3 d6 6. Bg2 c6 7. O-O Qb6 8.
a3 e5 9. d3 Be6 10. Qc2 Nbd7 11. Nbd2 Rac8 12. d4 exd4 13. Nxd4 Ne8 14.
Nxe6 fxe6 15. Bh3 Nc7 16. c5 dxc5 17. Nc4 Qa6 18. Bxg7 Kxg7 19. Nd6 Rcd8
20. bxc5 Nf6 21. e4 Kg8 22. f4 b6 23. Rfc1 Nfe8 24. Nxe8 Rfxe8 25. cxb6
Qxb6+ 26. Qc5 Rd1+ 27. Kg2 Qxc5 28. Rxc5 Rxa1 29. Rxc6 Ra2+ 30. Kf3 Rxa3+
31. Kg4 Nb5 32. Kg5 Nd4 33. Rd6 Ra5+ 34. Kf6 Rf8+ 35. Ke7 e5 36. fxe5 Rxe5+
37. Kd7 Rxe4 38. Bg2 Rf7+ 39. Kd8 Ne6+ 40. Kc8 Rc7+ 41. Kb8 Rb4+ 42. Ka8
Rc8+ 43. Kxa7 Ra4+ 44. Kb6 Rb8+ 45. Kc6 Ra6+ 46. Kd5 Rb5+ 47. Kxe6 Rxd6+
48. Kxd6 Kg7 49. h3 Rb3 50. g4 Rg3 51. Bf1 Rg1 52. Be2 Rh1 53. Kd5 Rxh3 54.
Ke4 Ra3 55. Kf4 Kf6 56. g5+ Kg7 57. Kg4 h6 58. gxh6+ Kxh6 0-1

[Event "37th Greek Teams"]
[Site "Kallithea GRE"]
[Date "2009.07.05"]
[Round "2"]
[White "Chatalbashev,B"]
[Black "Wojtaszek,R"]
[Result "0-1"]
[WhiteElo "2548"]
[BlackElo "2637"]
[EventDate "2009.07.03"]

1. d4 Nf6 2. c4 e6 3. Nc3 Bb4 4. Nf3 b6 5. Bg5 h6 6. Bh4 g5 7. Bg3 Ne4 8.
Rc1 Bb7 9. Nd2 Bxc3 10. bxc3 Nxg3 11. hxg3 d6 12. e4 Nd7 13. Be2 Qe7 14.
Qa4 a5 15. Bf3 Kf8 16. e5 Bxf3 17. exd6 cxd6 18. Nxf3 Kg7 19. O-O Rac8 20.
Rfe1 Rc7 21. Qb5 g4 22. Nh4 Qf6 23. d5 e5 24. Qb1 h5 25. Qf5 Rh6 26. Rb1
Kg8 27. c5 dxc5 28. d6 Ra7 29. Qe4 Qg5 30. Nf5 Re6 31. Ne7+ Kg7 32. Qc6 Nf6
33. Qc8 Rd7 34. Rbd1 c4 35. Qb8 e4 36. Rd5 Re5 37. Rd4 h4 38. Qxb6 e3 39.
Rxe3 hxg3 40. Rd1 gxf2+ 41. Kxf2 g3+ 42. Ke2 Qg4+ 43. Ke1 Rb7 44. Rxe5 Rxb6
45. Nf5+ Kh7 46. Rd4 Rb1+ 47. Kd2 Qd1+ 48. Ke3 Qe1+ 49. Kf4 Nh5+ 50. Kg5
Qxe5 51. d7 0-1

[Event "37th Greek Teams"]
[Site "Kallithea GRE"]
[Date "2009.07.05"]
[Round "2"]
[White "Mastrovasilis,A"]
[Black "Gogolis,A"]
[Result "1-0"]
[WhiteElo "2503"]
[BlackElo "2275"]
[EventDate "2009.07.03"]

1. d4 d5 2. c4 c6 3. Nf3 Nf6 4. Nc3 a6 5. Ne5 Nbd7 6. Bf4 dxc4 7. Nxc4 b5
8. Ne5 Nxe5 9. Bxe5 e6 10. e3 Nd7 11. Bg3 Bb7 12. Qf3 Qb6 13. Bd3 Be7 14.
O-O c5 15. Be4 Bxe4 16. Nxe4 O-O 17. Rfd1 cxd4 18. Rxd4 Nf6 19. Bd6 Nd5 20.
Bxe7 Nxe7 21. Rad1 Rad8 22. h3 h6 23. Nd6 Nd5 24. Nf5 exf5 25. Rxd5 g6 26.
g4 fxg4 27. hxg4 Rxd5 28. Qxd5 Qf6 29. Rd4 Re8 30. Kg2 Qe6 31. b3 Qxd5+ 32.
Rxd5 Re6 33. Rd7 Kg7 34. Ra7 Kf6 35. Kg3 g5 36. f3 Kg6 37. e4 Rc6 38. a4
bxa4 39. bxa4 Kf6 40. Kf2 Ke6 41. Ke3 Rd6 42. a5 f6 43. f4 gxf4+ 44. Kxf4
Rc6 45. Rb7 Rc1 46. Rb6+ Kf7 47. Rxa6 Rf1+ 48. Ke3 Rg1 49. Rb6 Rxg4 50. Rb5
Rg1 51. Kd4 Kg6 52. Kc5 h5 53. a6 Ra1 54. Kb6 h4 55. a7 h3 56. Ra5 Rb1+ 57.
Rb5 Ra1 58. Rb2 Kg5 59. Kb7 Kf4 60. Rf2+ Kxe4 61. Rxf6 Rb1+ 62. Rb6 Ra1 63.
Ra6 Rb1+ 64. Kc7 1-0

[Event "37th Greek Teams"]
[Site "Kallithea GRE"]
[Date "2009.07.05"]
[Round "2"]
[White "Ignatiadis,K"]
[Black "Zakarian,D"]
[Result "0-1"]
[WhiteElo "2227"]
[BlackElo "2296"]
[EventDate "2009.07.03"]

1. d4 Nf6 2. Bg5 e6 3. Nf3 h6 4. Bh4 c5 5. c3 b6 6. e3 Bb7 7. Nbd2 Be7 8.
Bxf6 Bxf6 9. Bd3 cxd4 10. cxd4 O-O 11. O-O Nc6 12. a3 d6 13. Rc1 Rc8 14. b4
e5 15. d5 Ne7 16. e4 Bg5 17. Nxg5 hxg5 18. Qh5 f6 19. Qe2 Ng6 20. g3 Rf7
21. b5 Nf8 22. Rc6 g6 23. Nc4 Bxc6 24. dxc6 Ne6 25. Ne3 Nd4 26. Qg4 Rh7 27.
Bc4+ Kh8 28. a4 Qf8 29. Rc1 f5 30. exf5 gxf5 31. Qd1 Qh6 32. Nf1 f4 33. Rc3
Rf8 34. Bd5 Qf6 35. g4 f3 36. Re3 Kg7 37. Ng3 Qf4 38. Re4 Ne2+ 39. Rxe2
fxe2 40. Qxe2 Kf6 41. Be4 Rh3 42. Kg2 Rxg3+ 43. hxg3 Qc1 44. Qc2 Qxc2 45.
Bxc2 Ke7 46. Bf5 Kd8 47. f4 gxf4 48. gxf4 e4 49. Kf2 d5 50. Ke3 Kc7 51. Be6
Kd6 52. f5 Rh8 53. c7 Rh3+ 54. Kf4 Rf3+ 55. Kg5 Rc3 56. c8=Q Rxc8 57. Bxc8
e3 58. f6 e2 0-1

[Event "37th Greek Teams"]
[Site "Kallithea GRE"]
[Date "2009.07.05"]
[Round "2"]
[White "Malikentzos,S"]
[Black "Festas,G"]
[Result "1-0"]
[WhiteElo "2148"]
[BlackElo "2136"]
[EventDate "2009.07.03"]

1. d4 d5 2. Nf3 Nf6 3. c4 c6 4. Qc2 a6 5. g3 g6 6. Bg2 Bg7 7. O-O O-O 8.
Bf4 Ne4 9. Nc3 f5 10. Be5 e6 11. Bxg7 Kxg7 12. Ne5 Nd7 13. Nxd7 Bxd7 14.
Nxe4 fxe4 15. f3 exf3 16. exf3 Qf6 17. Rad1 b5 18. b3 bxc4 19. bxc4 Rfb8
20. Bh3 Rb4 21. cxd5 cxd5 22. Qc7 Qd8 23. Rc1 Rc8 24. Qd6 Rbc4 25. Rb1 R4c6
26. Qe5+ Qf6 27. Rb7 Rd8 28. Qe3 Kh8 29. Re1 Bc8 30. Rb8 Rc4 31. Bf1 Rc6
32. Reb1 Rf8 33. R1b6 1-0

[Event "37th Greek Teams"]
[Site "Kallithea GRE"]
[Date "2009.07.05"]
[Round "2"]
[White "Stiri,A"]
[Black "Pambalou,F"]
[Result "0-1"]
[WhiteElo "2163"]
[BlackElo "2135"]
[EventDate "2009.07.03"]

1. e4 e5 2. Nf3 Nc6 3. d4 exd4 4. Nxd4 Bc5 5. Be3 Qf6 6. c3 Nge7 7. g3 d5
8. Bg2 Nxd4 9. cxd4 Bb4+ 10. Nc3 Bxc3+ 11. bxc3 dxe4 12. Bxe4 c6 13. O-O
O-O 14. a4 Bf5 15. Bg2 Rad8 16. Qb3 Rd7 17. c4 Rfd8 18. a5 Be6 19. Rad1 h5
20. h4 Bg4 21. Rd2 Qf5 22. a6 bxa6 23. Re1 Bf3 24. Bf1 Ng6 25. Bg5 f6 26.
Bd3 Qh3 27. Bf1 Qh1+ 0-1

[Event "37th Greek Teams"]
[Site "Kallithea GRE"]
[Date "2009.07.05"]
[Round "2"]
[White "Anastasopoulou,A"]
[Black "Papathanasiou,Ag"]
[Result "0-1"]
[WhiteElo "1675"]
[BlackElo "1891"]
[EventDate "2009.07.03"]

1. d4 d5 2. Bf4 Nf6 3. e3 c5 4. c3 Nc6 5. Nf3 Qb6 6. Qb3 c4 7. Qxb6 axb6 8.
Nbd2 b5 9. Be2 b4 10. cxb4 Nxb4 11. O-O Nxa2 12. Nb1 Ra6 13. Na3 Nb4 14. b3
Nd3 15. Bxd3 cxd3 16. Ne5 Nh5 17. Bg3 Nxg3 18. hxg3 e6 19. Rac1 Bd7 20. Nb1
Bd6 21. Nxd3 Ke7 22. Nc5 Rb6 23. Nd2 Ra8 24. Ra1 Rc8 25. Nxd7 Kxd7 26. Rfc1
Rxc1+ 27. Rxc1 Bb4 28. Nf3 Bd6 29. Rb1 h6 30. Kf1 Kc6 31. Ke2 Kb5 32. Kd3
Rc6 33. Ng1 Kb4 34. Ne2 Ka3 35. Nc1 Bb4 36. Ne2 Ka2 37. Rf1 Kxb3 38. g4 Rc7
39. f4 Kb2 40. e4 Rc2 41. exd5 exd5 42. Rd1 b5 43. f5 Bd6 44. Re1 b4 45. g3
b3 46. Rd1 Rc7 47. Kd2 Rc2+ 48. Kd3 Bxg3 49. Rf1 Bh4 50. Nf4 Rc1 51. Rxc1
Kxc1 52. Kc3 b2 53. Nd3+ Kd1 54. Kxb2 Ke2 55. Kc3 Ke3 56. Ne5 Kf4 57. Nxf7
Kxg4 58. Nd6 h5 59. Kd3 Bf6 60. Ke3 h4 61. Ne8 h3 62. Nxf6+ gxf6 63. Kf2
Kxf5 64. Kg3 Ke4 65. Kxh3 f5 66. Kg3 Ke3 67. Kg2 Kxd4 68. Kf2 Kc3 69. Ke2
d4 70. Kd1 Kd3 71. Ke1 Kc2 72. Ke2 d3+ 0-1

[Event "37th Greek Teams"]
[Site "Kallithea GRE"]
[Date "2009.07.05"]
[Round "2"]
[White "Pambalos,P"]
[Black "Lagos,H"]
[Result "1-0"]
[WhiteElo "2136"]
[BlackElo "1883"]
[EventDate "2009.07.03"]

1. e4 c5 2. c3 d5 3. exd5 Qxd5 4. d4 Nc6 5. Be3 cxd4 6. cxd4 Nf6 7. Nc3 Qa5
8. Nf3 e6 9. a3 Be7 10. Bd3 Nd5 11. Bd2 Nxc3 12. bxc3 O-O 13. O-O Bf6 14.
Qc2 g6 15. Rfe1 Qc7 16. Bh6 Rd8 17. Bg5 Qe7 18. h4 Kg7 19. Re4 b6 20. Rf4
Bxg5 21. hxg5 Bb7 22. Rf6 Rd5 23. Rf4 Na5 24. Ne5 Rxe5 25. dxe5 Qxg5 26. g3
Qxe5 27. Be4 Rc8 28. Rc1 Rc7 29. Bxb7 Nxb7 30. Rf3 Nc5 31. Re3 Qf5 32. Qe2
Rd7 33. Rd1 Rxd1+ 34. Qxd1 Qf6 35. Qd6 Qf5 36. Qd8 e5 37. Kg2 e4 38. Qd4+
Qf6 39. f3 exf3+ 40. Rxf3 Qxd4 41. cxd4 Ne4 42. Rf1 Nc3 43. Rc1 Nb5 44. d5
Kf6 45. a4 Nd6 46. Re1 b5 47. a5 a6 48. Kf3 h5 49. Rc1 Nc4 50. Ke4 Ke7 51.
Kd4 Nxa5 52. Rf1 Nc4 53. Kc5 Ne5 54. d6+ Ke8 55. Kd5 Nd7 56. Re1+ Kf8 57.
Kc6 Nf6 58. Rf1 Ng4 59. Kc7 Ne3 60. Re1 Nd5+ 61. Kb7 Nf6 62. Kxa6 b4 63.
Kb5 b3 64. Kc6 b2 65. Rb1 Ne4 66. d7 Ke7 67. Kc7 1-0

[Event "37th Greek Teams"]
[Site "Kallithea GRE"]
[Date "2009.07.05"]
[Round "2"]
[White "Anastasiadis,D"]
[Black "Koutoukidis,P"]
[Result "0-1"]
[WhiteElo "1643"]
[BlackElo "1936"]
[EventDate "2009.07.03"]

1. e4 c6 2. d4 d5 3. exd5 cxd5 4. Bb5+ Bd7 5. Bxd7+ Nxd7 6. Nf3 Ngf6 7. O-O
e6 8. Bf4 Be7 9. Nbd2 O-O 10. Re1 a6 11. Ne5 Nxe5 12. Bxe5 Nd7 13. Nf3 Nxe5
14. Nxe5 Bf6 15. c3 b5 16. a3 Qc7 17. f4 g6 18. Qd2 Bg7 19. Nd3 Rfc8 20.
Nc5 Bf8 21. b4 Bd6 22. g3 h5 23. h4 a5 24. Qe2 axb4 25. axb4 Bxc5 26. bxc5
Ra5 27. Reb1 Rca8 28. Rxa5 Qxa5 29. Qd3 Rb8 30. Rb4 Kg7 31. Qe3 Ra8 32. Qd3
Qa3 33. Qc2 Qa1+ 34. Rb1 Qa5 35. Qd3 Qa3 36. Qc2 Qa5 37. Qd3 Qa3 38. Qc2
Qa4 39. Qd2 Qc4 40. Rb2 Ra1+ 41. Kh2 Qf1 42. Qg2 Qc4 43. Qd2 Kf8 44. Rb4
Qf1 45. Qg2 Qd3 46. Rb3 Rc1 47. Rb2 Qxc3 48. Qd2 b4 49. Kh3 Qxd2 50. Rxd2
Rc4 51. g4 Rc3+ 52. Kg2 b3 0-1

[Event "37th Greek Teams"]
[Site "Kallithea GRE"]
[Date "2009.07.05"]
[Round "2"]
[White "Festas,A"]
[Black "Themelis,G"]
[Result "1/2-1/2"]
[WhiteElo "1447"]
[BlackElo "1618"]
[EventDate "2009.07.03"]

1. d4 Nf6 2. Bg5 g6 3. Bxf6 exf6 4. g3 d5 5. Bg2 c6 6. e3 f5 7. Ne2 Bg7 8.
O-O Nd7 9. Nd2 Nf6 10. c4 b6 11. Nc3 Bb7 12. cxd5 cxd5 13. Qa4+ Qd7 14.
Qxd7+ Kxd7 15. Rac1 Rac8 16. Rc2 Ba6 17. Re1 Bd3 18. Rcc1 Ne4 19. Ndxe4
dxe4 20. Bf1 Bxf1 21. Kxf1 Ke6 22. Re2 Rc7 23. Rec2 Rhc8 24. Ke2 b5 25. Kd2
a6 26. Ne2 Rxc2+ 27. Rxc2 Rxc2+ 28. Kxc2 g5 29. b4 Kd5 30. Kb3 Bf8 31. Nc3+
Kc6 32. a4 Bd6 33. axb5+ axb5 34. Ne2 h5 35. h3 f6 36. Kc3 Bc7 1/2-1/2

[Event "37th Greek Teams"]
[Site "Kallithea GRE"]
[Date "2009.07.05"]
[Round "2"]
[White "Tregubov,P"]
[Black "Dimitrov,At"]
[Result "1/2-1/2"]
[WhiteElo "2652"]
[BlackElo "2345"]
[EventDate "2009.07.03"]

1. d4 Nf6 2. Nf3 g6 3. c4 Bg7 4. g3 c6 5. Bg2 d5 6. O-O O-O 7. Qb3 a5 8.
cxd5 a4 9. Qd1 cxd5 10. Nc3 Qa5 11. Bd2 Nc6 12. Ne5 Nxd4 13. Nxd5 Qd8 14.
Nc3 Qa5 15. Nd3 Bf5 16. Nf4 Qa6 17. e3 Nc6 18. h3 a3 19. bxa3 Bd3 20. Nxd3
Qxd3 21. Be1 Qxd1 22. Rxd1 Rxa3 23. Rb1 Ra7 24. e4 Nd7 25. f4 Bd4+ 26. Bf2
e5 27. Rfd1 Nc5 28. Bxd4 exd4 29. Nb5 Rxa2 30. Nxd4 Na4 31. Nxc6 bxc6 32.
Ra1 Rxa1 33. Rxa1 Nb6 34. Rc1 Rc8 35. Kf2 c5 36. Rb1 Rb8 37. Rb5 Nd7 38.
Rxb8+ Nxb8 39. Ke3 Nd7 40. e5 Nb6 41. g4 h6 42. f5 gxf5 43. gxf5 f6 44. e6
Kf8 45. Be4 Ke7 46. Kf4 Kf8 47. Kg4 Nc8 48. Bd3 Ne7 49. Ba6 Kg7 50. Kf4 Kf8
51. Ke4 Ke8 52. Bb5+ Kf8 53. h4 Kg7 54. Be2 Kf8 55. Bh5 Kg7 56. Bg4 Kf8 57.
Bh3 Kg7 58. Kd3 Kf8 59. Kc4 Kg7 60. Kxc5 Kf8 61. Kd6 Nc8+ 62. Kd7 1/2-1/2

[Event "37th Greek Teams"]
[Site "Kallithea GRE"]
[Date "2009.07.05"]
[Round "2"]
[White "Kanakaris,G"]
[Black "Bunis,V"]
[Result "0-1"]
[WhiteElo "2377"]
[BlackElo "2259"]
[EventDate "2009.07.03"]

1. d4 Nf6 2. c4 g6 3. Nc3 d5 4. Nf3 Bg7 5. Qb3 c6 6. Bg5 Ne4 7. Bf4 Qa5 8.
e3 O-O 9. Be2 Nd7 10. h3 dxc4 11. Bxc4 Nb6 12. Bc7 Nd6 13. Bd3 Be6 14. Qc2
Rac8 15. Bxb6 axb6 16. O-O Bc4 17. Bxc4 Nxc4 18. Rfd1 Rfd8 19. Qb3 b5 20.
Rac1 Nd6 21. a3 e6 22. e4 Rc7 23. e5 Nf5 24. g4 Ne7 25. Ne4 Nd5 26. h4 Re7
27. g5 Red7 28. Rc5 Ne7 29. Nd6 Rxd6 30. exd6 Rxd6 31. Qe3 Qd8 32. Qf4 Nf5
33. Kg2 Nxd4 34. h5 gxh5 35. b4 Nf5 36. Rxd6 Nxd6 37. Rc2 Nc4 38. Rc1 Nb6
39. Rh1 Nd5 40. Qe4 Qd6 41. Rh4 e5 42. Rh1 Nf4+ 43. Kg3 Qe6 44. Rh4 h6 45.
Kh2 hxg5 46. Nxg5 Qg6 47. Qxg6 fxg6 48. Ne4 g5 49. Nxg5 Bf6 50. Nf3 Bxh4
51. Nxh4 Kf7 52. Kg3 Ke6 53. Kf3 Kd5 54. Nf5 Ne6 55. Ke3 Nd4 56. Ne7+ Ke6
57. Ng6 Kf6 58. Nf8 Kf5 59. Nd7 Ne6 60. f3 h4 0-1

[Event "37th Greek Teams"]
[Site "Kallithea GRE"]
[Date "2009.07.05"]
[Round "2"]
[White "Dagkakis,P"]
[Black "Vragoteris,A"]
[Result "1/2-1/2"]
[WhiteElo "2210"]
[BlackElo "2266"]
[EventDate "2009.07.03"]

1. e4 c5 2. Nf3 Nc6 3. Bb5 d6 4. O-O Bd7 5. c3 Nf6 6. Re1 a6 7. Ba4 c4 8.
Bc2 Ng4 9. d4 cxd3 10. Bxd3 g6 11. Nbd2 Bg7 12. Nc4 b5 13. Ne3 O-O 14. Nd5
e6 15. Ne3 Nge5 16. Nxe5 Nxe5 17. Be2 Qc7 18. f4 Nc6 19. Kh1 Rfb8 20. Bd3
b4 21. Bd2 bxc3 22. Bxc3 Bxc3 23. bxc3 Ne7 24. Qd2 d5 25. f5 Qf4 26. Rf1
Qg5 27. f6 dxe4 28. Bxe4 Bc6 29. Bxc6 Nxc6 30. Rad1 Rd8 31. Qf2 Ne5 32. Rd4
Rxd4 33. cxd4 Nc6 34. Qf3 Rd8 35. Qxc6 Qxe3 36. Qxa6 Qxd4 37. Qe2 h5 38.
Qf3 Rd5 39. Qb3 e5 40. a4 e4 41. h3 Rd6 42. Qb8+ Rd8 43. Qf4 Rd6 44. Kh2 e3
45. Qxd4 Rxd4 46. Re1 Rxa4 47. Rxe3 Rf4 48. Kg3 Rxf6 49. Re8+ Kg7 50. h4
Ra6 51. Kf3 Ra3+ 52. Kf2 Kf6 53. Re4 Kf5 54. Rb4 Ra2+ 55. Kf3 Ra3+ 56. Kf2
Ra5 57. g3 f6 58. Kf3 g5 59. hxg5 fxg5 60. Rb8 g4+ 61. Kg2 Ra2+ 62. Kg1 Rd2
63. Rb5+ Ke4 64. Rxh5 Kf3 65. Ra5 Kxg3 66. Ra3+ Kh4 67. Rb3 g3 68. Rb8
1/2-1/2

[Event "37th Greek Teams"]
[Site "Kallithea GRE"]
[Date "2009.07.05"]
[Round "2"]
[White "Grapsa,G"]
[Black "Fakhiridou,E"]
[Result "0-1"]
[WhiteElo "2083"]
[BlackElo "2277"]
[EventDate "2009.07.03"]

1. d4 Nf6 2. c4 c5 3. d5 e5 4. Nc3 d6 5. e4 Be7 6. Bd3 O-O 7. Nge2 Nbd7 8.
O-O Ne8 9. a3 g6 10. Bh6 Ng7 11. Qd2 Nf6 12. f3 Kh8 13. b4 b6 14. Rfb1 Ng8
15. Be3 f5 16. a4 f4 17. Bf2 Bh4 18. Bxh4 Qxh4 19. bxc5 bxc5 20. Nb5 Qe7
21. a5 g5 22. a6 g4 23. Qa5 Ne8 24. Nc1 Rf6 25. Nb3 Rh6 26. Qe1 Qg5 27.
fxg4 Bxg4 28. Ra2 Qh5 29. h4 Ne7 30. Na5 Ng6 31. Nc6 Nxh4 32. Bf1 Nf3+ 0-1

[Event "37th Greek Teams"]
[Site "Kallithea GRE"]
[Date "2009.07.05"]
[Round "2"]
[White "Krumova,A"]
[Black "Haritopoulou,M"]
[Result "1-0"]
[WhiteElo "1904"]
[BlackElo "1661"]
[EventDate "2009.07.03"]

1. e4 c5 2. Nc3 e6 3. f4 Nf6 4. e5 Nd5 5. Nxd5 exd5 6. d4 d6 7. Nf3 a6 8.
Be3 c4 9. Be2 Nc6 10. O-O Bf5 11. b3 cxb3 12. axb3 Be7 13. c4 dxe5 14. fxe5
Be6 15. Qe1 O-O 16. Qg3 Re8 17. Rad1 Rc8 18. Ng5 Qd7 19. cxd5 Bxd5 20. Bg4
Qc7 21. Bxc8 Rxc8 22. Qf4 Bxg5 23. Qxg5 Qe7 24. Qxe7 Nxe7 25. Rc1 Rd8 26.
Bg5 Kf8 27. Rc7 Re8 28. Rd7 Bc6 29. Bxe7+ Rxe7 30. Rd6 g6 31. e6 Kg7 32.
exf7 Rxf7 33. d5 Bb5 34. Re1 Kf8 35. Rd8+ Kg7 36. d6 h6 37. Rc8 1-0

[Event "37th Greek Teams"]
[Site "Kallithea GRE"]
[Date "2009.07.05"]
[Round "2"]
[White "Papathanasiou,E"]
[Black "Kipraki,N"]
[Result "1-0"]
[WhiteElo "1638"]
[BlackElo "1650"]
[EventDate "2009.07.03"]

1. d4 c6 2. c4 d5 3. Nf3 Nf6 4. Nc3 dxc4 5. a4 Bf5 6. e3 e6 7. Bxc4 Bb4 8.
O-O Nbd7 9. Qe2 Bg6 10. e4 O-O 11. Bd3 Be7 12. e5 Nd5 13. Bxg6 hxg6 14.
Nxd5 exd5 15. e6 fxe6 16. Qxe6+ Kh7 17. Qh3+ Kg8 18. Qg4 Kh7 19. Ng5+ Bxg5
20. Bxg5 Qe8 21. Rae1 Qc8 22. Qh3+ Kg8 23. Qe6+ Rf7 24. Qxg6 Nb6 25. Re3
Qf5 26. Qh5 g6 27. Qh4 Rh7 28. Qg3 Nxa4 29. Rfe1 Rf7 30. Rf3 Qd7 31. Bf6
Kf8 32. Qxg6 Re8 33. Qh6+ Rg7 34. Bxg7+ Kg8 35. Qh8+ 1-0

[Event "37th Greek Teams"]
[Site "Kallithea GRE"]
[Date "2009.07.05"]
[Round "2"]
[White "Kousidis,V"]
[Black "Galopoulos,N"]
[Result "0-1"]
[WhiteElo "1851"]
[BlackElo "2255"]
[EventDate "2009.07.03"]

1. e4 c5 2. c3 Nf6 3. e5 Nd5 4. d4 cxd4 5. Nf3 e6 6. cxd4 b6 7. a3 Be7 8.
Bd3 Ba6 9. O-O O-O 10. Bxa6 Nxa6 11. Bd2 d6 12. Nc3 Nxc3 13. Bxc3 Nc7 14.
Rc1 Nd5 15. Re1 Rc8 16. Qb3 dxe5 17. dxe5 Bg5 18. Rcd1 Qe7 19. Rxd5 Rxc3
20. bxc3 exd5 21. Qxd5 Rd8 22. Qb3 Bd2 23. Re2 Bc1 24. e6 Rc8 25. Qd1 Bxa3
26. exf7+ Qxf7 27. Ng5 Qc4 28. Re4 Qb5 29. Re5 Qc4 30. Re4 Qb5 31. Re5 Qc4
32. Qh5 h6 33. Re8+ Rxe8 34. Qxe8+ Bf8 35. Ne6 Qxc3 36. Qxf8+ Kh7 37. Qf5+
Kg8 38. h3 a5 39. Nf4 Qe1+ 40. Kh2 Qxf2 41. Qe6+ Kh7 42. Nd5 Qd4 43. Qf5+
Kh8 44. Nf4 Qd6 45. Kg3 g5 46. Qc8+ Kh7 47. Qb7+ Kh8 48. Qc8+ Kg7 49. Qc3+
Kf7 50. Qc4+ Ke7 51. Qe4+ Kf8 52. Qa8+ Kg7 53. Qb7+ Kf6 54. Kh2 gxf4 55.
Kg1 a4 0-1

[Event "37th Greek Teams"]
[Site "Kallithea GRE"]
[Date "2009.07.05"]
[Round "2"]
[White "Galopoulos,P"]
[Black "Sourgkounis,A"]
[Result "1-0"]
[WhiteElo "2161"]
[BlackElo "1907"]
[EventDate "2009.07.03"]

1. e4 Nf6 2. e5 Nd5 3. d4 d6 4. c4 Nb6 5. exd6 exd6 6. Nc3 g6 7. Bd3 Nc6 8.
Be3 Bg7 9. Nge2 O-O 10. O-O Ne7 11. Qd2 Bf5 12. Rac1 Bxd3 13. Qxd3 d5 14.
b3 c6 15. Bg5 Re8 16. Rfd1 f6 17. Be3 Qd7 18. Nf4 Rad8 19. a4 a5 20. c5 Na8
21. b4 axb4 22. Na2 b6 23. Nxb4 bxc5 24. Rxc5 Rc8 25. a5 Nf5 26. Rdc1 Bf8
27. Nfxd5 cxd5 28. Nxd5 Rxc5 29. dxc5 Qc6 30. Nb4 Qe6 31. Bd2 Nc7 32. g3
Qe2 33. Qb3+ Kg7 34. Bc3 Qe6 35. Qb2 Kf7 36. Nd3 Qe2 37. Qb3+ Qe6 38. Qb7
Re7 39. Nf4 Qd7 40. c6 Qd8 41. Qb3+ Kg7 42. a6 Qa8 43. Bb4 Rf7 44. Bxf8+
Kxf8 45. Qb7 Qxa6 46. Ne6+ Ke7 47. Nxc7 Qxb7 48. cxb7 Rf8 49. Na6 Nd4 50.
Rc8 1-0